[Event "Oberliga Nord O 1617"]
[Site "Germany"]
[Date "2017.05.07"]
[Round "9.8"]
[White "Holzapfel, Daniel"]
[Black "Sowada, Christoph"]
[Result "1-0"]
[WhiteElo "2279"]
[BlackElo "1952"]
[PlyCount "87"]
[EventDate "2016.10.16"]
[EventType "team-tourn"]
[EventRounds "9"]
[EventCountry "GER"]
[SourceTitle "EXT 2018"]
[Source "ChessBase"]
[SourceDate "2017.10.13"]
[SourceVersion "1"]
[SourceVersionDate "2017.10.13"]
[SourceQuality "1"]
[WhiteTeam "Kreuzberg"]
[BlackTeam "Greifswald"]
[WhiteTeamCountry "GER"]
[BlackTeamCountry "GER"]

1. d4 f5 2. g3 g6 3. Bg2 Bg7 4. c4 d6 5. Nh3 c6 6. Nc3 Nh6 7. 0-0 0-0 8. d5 e5 9. dxe6 Bxe6 10. Qb3 Qd7 11. Ng5 Re8 12. Nxe6 Rxe6 13. Bf4 Na6 14. Qc2 Nf7 15. e4 Rf6 16. exf5 Qxf5 17. Qxf5 gxf5 18. Rfe1 Kf8 19. Re2 Re8 20. Rxe8+ Kxe8 21. Re1+ Kd7 22. Bh3 Kd8 23. Rd1 Bh6 24. Bxh6 Nxh6 25. Rd4 Ke7 26. Kf1 Re6 27. Rh4 Nc5 28. Ne2 Kf7 29. Rd4 Ke7 30. Bg2 Ng4 31. h3 Ne5 32. Rh4 h6 33. Nd4 Rf6 34. Rxh6 Nxc4 35. Rh7+ Ke8 36. b4 Nd7 37. h4 f4 38. g4 Nce5 39. g5 Rf8 40. Ne6 f3 41. Nxf8 fxg2+ 42. Kxg2 Kxf8 43. f4 Kg8 44. fxe5 1-0

[Event "Oberliga Nord O 1617"]
[Site "Germany"]
[Date "2016.10.16"]
[Round "1.8"]
[White "Syre, Christian"]
[Black "Holzapfel, Daniel"]
[Result "1/2-1/2"]
[WhiteElo "2194"]
[BlackElo "2279"]
[PlyCount "30"]
[EventDate "2016.10.16"]
[EventType "team-tourn"]
[EventRounds "9"]
[EventCountry "GER"]
[SourceTitle "EXT 2018"]
[Source "ChessBase"]
[SourceDate "2017.10.13"]
[SourceVersion "1"]
[SourceVersionDate "2017.10.13"]
[SourceQuality "1"]
[WhiteTeam "Oberschoeneweide"]
[BlackTeam "Kreuzberg"]
[WhiteTeamCountry "GER"]
[BlackTeamCountry "GER"]

1. Nf3 Nf6 2. g3 g6 3. Bg2 Bg7 4. 0-0 0-0 5. d4 d5 6. c4 c6 7. cxd5 cxd5 8. Ne5 Nc6 9. Nxc6 bxc6 10. Nc3 Ba6 11. Bf4 Nd7 12. Qd2 Re8 13. Rfd1 e6 14. Rac1 Rc8 15. Na4 Bb5 1/2-1/2

[Event "BL2-Nord 1415"]
[Site "Germany"]
[Date "2015.03.15"]
[Round "8.3"]
[White "Holzapfel, Daniel"]
[Black "Luch, Michal"]
[Result "0-1"]
[WhiteElo "2303"]
[BlackElo "2423"]
[PlyCount "82"]
[EventDate "2014.09.21"]
[EventType "team-tourn"]
[EventRounds "9"]
[EventCountry "GER"]
[SourceTitle "CBM 166 Extra"]
[Source "ChessBase"]
[SourceDate "2015.06.18"]
[SourceVersion "1"]
[SourceVersionDate "2015.06.18"]
[SourceQuality "1"]
[WhiteTeam "Berlin Kreuzberg"]
[BlackTeam "Berlin Zehlendorf"]
[WhiteTeamCountry "GER"]
[BlackTeamCountry "GER"]

1. d4 Nf6 2. Nf3 e6 3. c4 d5 4. Nc3 Bb4 5. Bd2 0-0 6. e3 c5 7. a3 cxd4 8. axb4 dxc3 9. Bxc3 b6 10. cxd5 Nxd5 11. Be2 Bb7 12. 0-0 Nxc3 13. bxc3 Qc7 14. Qb3 Nc6 15. Rfc1 Rfc8 16. Rab1 Ne5 17. Nxe5 Qxe5 18. c4 Qg5 19. Bf1 Be4 20. Ra1 Rc7 21. Rd1 Bf3 22. Rd4 e5 23. Rd6 Rac8 24. Kh1 Qe7 25. Rd2 Bg4 26. Qb2 f6 27. Rc1 Be6 28. Rdc2 a5 29. bxa5 bxa5 30. c5 Bf5 31. Qb3+ Kf8 32. Bd3 a4 33. Qa3 Bd7 34. h3 Rb8 35. Rc3 Bc6 36. Bxh7 g6 37. Bxg6 Qg7 38. e4 Qxg6 39. Rg3 Qe8 40. Qa2 Rb3 41. Rcc3 Qb8 0-1

[Event "BL2-Nord 1314"]
[Site "Germany"]
[Date "2013.11.24"]
[Round "3.4"]
[White "Markgraf, Stefan"]
[Black "Holzapfel, Daniel"]
[Result "0-1"]
[WhiteElo "2092"]
[BlackElo "2292"]
[PlyCount "76"]
[EventDate "2013.10.13"]
[EventType "team-tourn"]
[EventRounds "9"]
[EventCountry "GER"]
[SourceTitle "EXT 2015"]
[Source "ChessBase"]
[SourceDate "2014.11.20"]
[SourceVersion "1"]
[SourceVersionDate "2014.11.20"]
[SourceQuality "1"]
[WhiteTeam "Goettingen"]
[BlackTeam "Kreuzberg"]
[WhiteTeamCountry "GER"]
[BlackTeamCountry "GER"]

1. e4 c6 2. d4 d5 3. e5 Bf5 4. Nf3 e6 5. Be2 c5 6. c3 Nc6 7. Be3 cxd4 8. Nxd4 Nge7 9. Qa4 a6 10. f4 b5 11. Qd1 Nxd4 12. Bxd4 Nc6 13. Bf2 g5 14. a4 b4 15. g3 gxf4 16. gxf4 Bh6 17. Bg3 Qb6 18. Rf1 bxc3 19. bxc3 Qb2 20. Nd2 Nxe5 21. fxe5 Bxd2+ 22. Qxd2 Qxa1+ 23. Kf2 Qxa4 24. Qg5 Bg6 25. Bh4 f6 26. exf6 Kf7 27. Qg3 Qc6 28. Bg5 Rac8 29. Rc1 Rb8 30. c4 d4 31. Qa3 Qc7 32. Kg1 Rhg8 33. Bg4 Rbe8 34. Qh3 Qc5 35. Qh6 d3+ 36. Be3 Qe5 37. h3 Qg3+ 38. Kf1 d2 0-1

[Event "BL2-Nord 1011"]
[Site "Germany"]
[Date "2011.04.10"]
[Round "9.5"]
[White "Holzapfel, Daniel"]
[Black "Heinig, Wolfram"]
[Result "1/2-1/2"]
[WhiteElo "2296"]
[BlackElo "2323"]
[PlyCount "29"]
[EventDate "2010.10.10"]
[EventType "team-tourn"]
[EventRounds "9"]
[EventCountry "GER"]
[SourceTitle "EXT 2012"]
[Source "ChessBase"]
[SourceDate "2011.11.24"]
[SourceVersion "1"]
[SourceVersionDate "2011.11.24"]
[SourceQuality "1"]
[WhiteTeam "Kreuzberg"]
[BlackTeam "Zehlendorf"]
[WhiteTeamCountry "GER"]
[BlackTeamCountry "GER"]

1. d4 Nf6 2. c4 d6 3. Nc3 Nbd7 4. Nf3 g6 5. e4 e5 6. Be2 Bg7 7. 0-0 0-0 8. Re1 c6 9. Bf1 exd4 10. Nxd4 Ng4 11. h3 Qb6 12. hxg4 Qxd4 13. Qxd4 Bxd4 14. Be3 Bg7 15. Rac1 1/2-1/2

[Event "Bayern-chI Bank Hofmann 11th"]
[Site "Bad Wiessee"]
[Date "2007.11.17"]
[Round "8"]
[White "Astengo, Corrado"]
[Black "Holzapfel, Daniel"]
[Result "1/2-1/2"]
[WhiteElo "2122"]
[BlackElo "2274"]
[PlyCount "88"]
[EventDate "2007.11.10"]
[EventType "swiss"]
[EventRounds "9"]
[EventCountry "GER"]
[SourceTitle "CBM 121 Extra"]
[Source "ChessBase"]
[SourceDate "2008.01.10"]
[SourceVersion "1"]
[SourceVersionDate "2008.01.10"]
[SourceQuality "1"]

1. e4 c6 2. d4 d5 3. Nd2 dxe4 4. Nxe4 Bf5 5. Ng3 Bg6 6. h4 h6 7. Nf3 Nd7 8. h5 Bh7 9. Bd3 Bxd3 10. Qxd3 e6 11. Bd2 Ngf6 12. Qe2 Qc7 13. 0-0-0 c5 14. Kb1 Be7 15. c4 cxd4 16. Nxd4 Nc5 17. Nb5 Qc6 18. Bf4 0-0 19. f3 a6 20. Bd6 Rfe8 21. Bxe7 Rxe7 22. Nc3 Ree8 23. Rh4 Rad8 24. Nge4 Nfxe4 25. Nxe4 Nxe4 26. Rxe4 Rd6 27. Red4 Rxd4 28. Rxd4 Qc5 29. Rd5 Qc7 30. Rd2 Rc8 31. b3 Qc5 32. g4 a5 33. Qd1 Qg5 34. Rd7 b5 35. cxb5 Qxb5 36. Rd8+ Rxd8 37. Qxd8+ Kh7 38. Qd2 f5 39. g5 hxg5 40. Qxg5 Qd3+ 41. Kb2 Qd4+ 42. Ka3 Qd6+ 43. Kb2 Qd4+ 44. Ka3 Qb4+ 1/2-1/2

[Event "Bayern-chI Bank Hofmann 11th"]
[Site "Bad Wiessee"]
[Date "2007.11.12"]
[Round "3"]
[White "Holzapfel, Daniel"]
[Black "Naumann, Alexander"]
[Result "1/2-1/2"]
[WhiteElo "2274"]
[BlackElo "2548"]
[PlyCount "39"]
[EventDate "2007.11.10"]
[EventType "swiss"]
[EventRounds "9"]
[EventCountry "GER"]
[SourceTitle "CBM 121 Extra"]
[Source "ChessBase"]
[SourceDate "2008.01.10"]
[SourceVersion "1"]
[SourceVersionDate "2008.01.10"]
[SourceQuality "1"]

1. d4 d5 2. c4 c6 3. Nf3 Nf6 4. Nc3 e6 5. e3 Nbd7 6. Bd3 dxc4 7. Bxc4 b5 8. Be2 b4 9. Na4 Bb7 10. 0-0 c5 11. dxc5 Nxc5 12. Nxc5 Bxc5 13. Qa4+ Ke7 14. Rd1 Qb6 15. Bd2 Rac8 16. a3 Bc6 17. Qa6 bxa3 18. b4 Bd6 19. Rxa3 Rc7 20. Nd4 1/2-1/2

[Event "BL2-Nord 0708"]
[Site "Germany"]
[Date "2007.11.04"]
[Round "2.7"]
[White "Holzapfel, Daniel"]
[Black "Nixdorf, Andre"]
[Result "1-0"]
[WhiteElo "2274"]
[BlackElo "2032"]
[PlyCount "78"]
[EventDate "2007.10.21"]
[EventType "team-tourn"]
[EventRounds "9"]
[EventCountry "GER"]
[SourceTitle "EXT 2009"]
[Source "ChessBase"]
[SourceDate "2008.11.26"]
[SourceVersion "1"]
[SourceVersionDate "2008.11.26"]
[SourceQuality "1"]
[WhiteTeam "Kreuzberg  II"]
[BlackTeam "Norderstedt "]
[WhiteTeamCountry "GER"]
[BlackTeamCountry "GER"]

1. d4 Nf6 2. Nf3 d5 3. c4 e6 4. Nc3 Be7 5. Bg5 0-0 6. e3 c6 7. Rc1 Nbd7 8. Bd3 dxc4 9. Bxc4 Nd5 10. Bxe7 Qxe7 11. Ne4 N5f6 12. Nxf6+ Qxf6 13. 0-0 e5 14. e4 exd4 15. Qxd4 Qxd4 16. Nxd4 Re8 17. f3 Nf8 18. Rfd1 Bd7 19. Rd2 Rad8 20. Rcd1 Bc8 21. b4 Rd6 22. Kf2 Ng6 23. Ke3 Red8 24. Bb3 Ne5 25. h3 Ng6 26. Nxc6 Rxd2 27. Nxd8 Rxd1 28. Bxd1 Kf8 29. Bb3 f6 30. Be6 Bd7 31. Bxd7 Ke7 32. Bf5 Kxd8 33. Bxg6 hxg6 34. Kd4 Kd7 35. Kd5 g5 36. g3 g6 37. f4 gxf4 38. gxf4 Ke7 39. e5 g5 1-0

[Event "BL2-Nord 0506"]
[Site "Germany"]
[Date "2006.04.02"]
[Round "9.8"]
[White "Belilowski, Alexander"]
[Black "Holzapfel, Daniel"]
[Result "0-1"]
[WhiteElo "2004"]
[BlackElo "2310"]
[PlyCount "104"]
[EventDate "2005.10.23"]
[EventType "team-tourn"]
[EventRounds "9"]
[EventCountry "GER"]
[SourceTitle "EXT 2007"]
[Source "ChessBase"]
[SourceDate "2006.11.23"]
[SourceVersion "1"]
[SourceVersionDate "2006.11.23"]
[SourceQuality "1"]
[WhiteTeam "Bremer SG"]
[BlackTeam "Kreuzberg II"]
[WhiteTeamCountry "GER"]
[BlackTeamCountry "GER"]

1. e4 c6 2. d4 d5 3. e5 Bf5 4. Bd3 Bxd3 5. Qxd3 e6 6. c3 Qb6 7. Ne2 Qa6 8. Qf3 Ne7 9. 0-0 Nd7 10. b4 Qb6 11. a4 a5 12. bxa5 Rxa5 13. Nd2 Nc8 14. Qd3 Qa6 15. Qxa6 Rxa6 16. Nb3 Ncb6 17. a5 Nc4 18. Bf4 Be7 19. Rfb1 Kd8 20. Nd2 Nxd2 21. Bxd2 Kc7 22. Nc1 Rha8 23. Nb3 b6 24. axb6+ Nxb6 25. Rxa6 Rxa6 26. Ra1 Rxa1+ 27. Nxa1 Ba3 28. Kf1 Bb2 29. Nb3 Na4 30. Ke2 Bxc3 31. Bxc3 Nxc3+ 32. Kd3 Na4 33. g4 Kb6 34. f4 c5 35. Kc2 cxd4 36. Nxd4 Kc5 37. Nf3 f6 38. f5 fxe5 39. fxe6 Kd6 40. Nxe5 Kxe6 41. Nd3 Kd6 42. Kd2 Nc5 43. Nf2 Ne4+ 44. Nxe4+ dxe4 45. Ke3 Ke5 46. h4 g6 47. h5 g5 48. h6 Kd5 49. Kf2 Kd4 50. Ke2 e3 51. Ke1 Ke4 52. Ke2 Kf4 0-1

[Event "BL2-Nord 0405"]
[Site "Germany"]
[Date "2005.01.16"]
[Round "5.5"]
[White "Holzapfel, Daniel"]
[Black "Stanke, Juergen"]
[Result "1/2-1/2"]
[WhiteElo "2304"]
[BlackElo "2308"]
[PlyCount "52"]
[EventDate "2004.10.24"]
[EventType "team-tourn"]
[EventRounds "9"]
[EventCountry "GER"]
[SourceTitle "EXT 2007"]
[Source "ChessBase"]
[SourceDate "2006.11.23"]
[SourceVersion "1"]
[SourceVersionDate "2006.11.23"]
[SourceQuality "1"]
[WhiteTeam "Kreuzberg II"]
[BlackTeam "Hamburger SK II"]
[WhiteTeamCountry "GER"]
[BlackTeamCountry "GER"]

1. d4 f5 2. g3 Nf6 3. Bg2 g6 4. c4 Bg7 5. Nh3 0-0 6. Nc3 d6 7. d5 Na6 8. 0-0 Nc5 9. Qc2 e5 10. dxe6 Nxe6 11. Ng5 c6 12. Nxe6 Bxe6 13. b3 Qe7 14. e3 Rad8 15. Bb2 g5 16. Rab1 Qf7 17. Ne2 d5 18. Nd4 dxc4 19. Nxe6 Qxe6 20. bxc4 Rd7 21. Rfd1 Rfd8 22. Bxf6 Bxf6 23. Bf3 f4 24. exf4 gxf4 25. Rxd7 Rxd7 26. Rd1 fxg3 1/2-1/2

[Event "BL2-Nord 0304"]
[Site "Germany"]
[Date "2004.??.??"]
[Round "?.8"]
[White "Cordes, Klaus"]
[Black "Holzapfel, Daniel"]
[Result "1/2-1/2"]
[WhiteElo "2195"]
[BlackElo "2305"]
[PlyCount "42"]
[EventDate "2003.10.??"]
[EventType "team-tourn"]
[EventRounds "9"]
[EventCountry "GER"]
[SourceTitle "CBM 100 Extra"]
[Source "ChessBase"]
[SourceDate "2004.07.06"]
[SourceVersion "2"]
[SourceVersionDate "2004.07.06"]
[SourceQuality "1"]
[WhiteTeam "Hannover Post"]
[BlackTeam "Kreuzberg"]
[WhiteTeamCountry "GER"]
[BlackTeamCountry "GER"]

1. Nf3 Nf6 2. g3 d5 3. Bg2 c6 4. b3 Bg4 5. Bb2 Nbd7 6. 0-0 e6 7. c4 Bd6 8. d4 Qb8 9. Nbd2 0-0 10. Re1 Re8 11. h3 Bf5 12. Nh4 Be4 13. Nhf3 h6 14. Qc1 Bh7 15. Qc3 Ne4 16. Nxe4 Bxe4 17. Ne5 Bxg2 18. Nxd7 Qc8 19. Kxg2 Qxd7 20. e4 dxe4 21. Rxe4 Be7 1/2-1/2